<?xml version="1.0" encoding="UTF-8"?>
<record
    xmlns:xsi="http://www.w3.org/2001/XMLSchema-instance"
    xsi:schemaLocation="http://www.loc.gov/MARC21/slim http://www.loc.gov/standards/marcxml/schema/MARC21slim.xsd"
    xmlns="http://www.loc.gov/MARC21/slim">

  <leader>02380nam a2200337   4500</leader>
  <controlfield tag="001">113522</controlfield>
  <controlfield tag="003">DR-UNIBE</controlfield>
  <controlfield tag="005">20250430134531.0</controlfield>
  <controlfield tag="008">250430b2005    mx ||||| |||| 00| 0 spa d</controlfield>
  <datafield tag="020" ind1=" " ind2=" ">
    <subfield code="a">9703222706</subfield>
  </datafield>
  <datafield tag="040" ind1=" " ind2=" ">
    <subfield code="a">BIBLIOTECA UNIBE</subfield>
    <subfield code="c">BIBLIOTECA UNIBE</subfield>
    <subfield code="b">spa</subfield>
    <subfield code="e">rda</subfield>
  </datafield>
  <datafield tag="041" ind1=" " ind2=" ">
    <subfield code="a">spa</subfield>
  </datafield>
  <datafield tag="082" ind1=" " ind2=" ">
    <subfield code="2">22</subfield>
    <subfield code="a">341 H37d</subfield>
  </datafield>
  <datafield tag="100" ind1="1" ind2="0">
    <subfield code="a">Herdegen, Matthias, </subfield>
    <subfield code="d">1957- </subfield>
    <subfield code="9">194741</subfield>
    <subfield code="e">autor</subfield>
  </datafield>
  <datafield tag="245" ind1="1" ind2="0">
    <subfield code="a">Derecho internacional publico / </subfield>
    <subfield code="c">Matthias Herdegen ; pr&#xF3;logo: Rudolf Huber  ; traducci&#xF3;n: Marcela Anzola ; coordinador editorial: Ra&#xFA;l M&#xE1;rquez Romero ; edici&#xF3;n: Eduardo Garc&#xED;a Castillo, Caludia Araceli Gonz&#xE1;lez P&#xE9;rez  digitaci&#xF3;n: Jose Antonio Bautista S&#xE1;nchez</subfield>
  </datafield>
  <datafield tag="250" ind1=" " ind2=" ">
    <subfield code="a">Primera edici&#xF3;n</subfield>
  </datafield>
  <datafield tag="260" ind1=" " ind2=" ">
    <subfield code="a">M&#xE9;xico : </subfield>
    <subfield code="b">Universidad Nacional Aut&#xF3;noma de M&#xE9;xico (UNAM) : </subfield>
    <subfield code="b">Fundaci&#xF3;n Konrad Adenauer,</subfield>
    <subfield code="c">2005</subfield>
  </datafield>
  <datafield tag="300" ind1=" " ind2=" ">
    <subfield code="a">xxxii, 439 p&#xE1;ginas :</subfield>
    <subfield code="c">22  x 15 cm</subfield>
  </datafield>
  <datafield tag="490" ind1=" " ind2=" ">
    <subfield code="a">Instituto de Investigaciones Jur&#xED;dicas </subfield>
  </datafield>
  <datafield tag="500" ind1=" " ind2=" ">
    <subfield code="a">Informaci&#xF3;n del autor en la solapa</subfield>
  </datafield>
  <datafield tag="505" ind1=" " ind2=" ">
    <subfield code="a">Presentaci&#xF3;n. Acerca de la Fundaci&#xF3;n Konrad Adenauer |
Pr&#xF3;logo |
Reconocimientos |
Abreviaturas |
Cap&#xED;tulo I. Introducci&#xF3;n |
Cap&#xED;tulo II. Sujetos del derecho internacional |
Cap&#xED;tulo III. Fuentes del derecho |
Cap&#xED;tulo IV. Soberan&#xED;a de los Estados |
Cap&#xED;tulo V. Sucesi&#xF3;n de Estados |
Cap&#xED;tulo VI. Derecho internacional del mar y del espacio |
Cap&#xED;tulo VII. Principios fundamentales de las relaciones internacionales d
Cap&#xED;tulo VIII. Naciones Unidas |
Cap&#xED;tulo IX. Cooperaci&#xF3;n institucional y seguridad en el &#xE1;mbito regional |
Cap&#xED;tulo X. Derechos humanos |
Cap&#xED;tulo XI. Derecho internacional ambiental |
Cap&#xED;tulo XII. Relaciones econ&#xF3;micas internacionales |
Cap&#xED;tulo XIII. Conflictos armados internacionales e internos |
Cap&#xED;tulo XIV. Responsabilidad en el derecho internacional |
Cap&#xED;tulo XV. La soluci&#xF3;n pac&#xED;fica de controversias |
Bibliograf&#xED;a
</subfield>
  </datafield>
  <datafield tag="650" ind1=" " ind2="7">
    <subfield code="2">lemb</subfield>
    <subfield code="a">Derecho internacional p&#xFA;blico</subfield>
  </datafield>
  <datafield tag="650" ind1=" " ind2="7">
    <subfield code="2">lemb</subfield>
    <subfield code="a">Organismos internacionales</subfield>
  </datafield>
  <datafield tag="700" ind1="1" ind2="0">
    <subfield code="a">Anzola, Marcela</subfield>
    <subfield code="9">194748</subfield>
    <subfield code="e">traductor</subfield>
  </datafield>
  <datafield tag="700" ind1="1" ind2="0">
    <subfield code="a">M&#xE1;rquez Romero, Ra&#xFA;l</subfield>
    <subfield code="9">194749</subfield>
    <subfield code="e">coordinador editorial</subfield>
  </datafield>
  <datafield tag="700" ind1="1" ind2="0">
    <subfield code="a">Garc&#xED;a Castillo, Jes&#xFA;s Eduardo</subfield>
    <subfield code="9">194760</subfield>
    <subfield code="e">editor</subfield>
  </datafield>
  <datafield tag="700" ind1="1" ind2="0">
    <subfield code="a">Gonz&#xE1;lez P&#xE9;rez , Claudia Araceli</subfield>
    <subfield code="9">194761</subfield>
    <subfield code="e">editor</subfield>
  </datafield>
  <datafield tag="700" ind1="1" ind2="0">
    <subfield code="a">Bautista S&#xE1;nchez, Jos&#xE9; Antonio</subfield>
    <subfield code="9">194762</subfield>
    <subfield code="e">digitador</subfield>
  </datafield>
  <datafield tag="700" ind1="1" ind2="0">
    <subfield code="a">Huber, Rudolf</subfield>
    <subfield code="9">194244</subfield>
    <subfield code="e">prologuista</subfield>
  </datafield>
  <datafield tag="942" ind1=" " ind2=" ">
    <subfield code="2">ddc</subfield>
    <subfield code="c">BK</subfield>
  </datafield>
  <datafield tag="999" ind1=" " ind2=" ">
    <subfield code="c">113522</subfield>
    <subfield code="d">113522</subfield>
  </datafield>
  <datafield tag="952" ind1=" " ind2=" ">
    <subfield code="0">0</subfield>
    <subfield code="1">0</subfield>
    <subfield code="2">ddc</subfield>
    <subfield code="7">0</subfield>
    <subfield code="8">GEN</subfield>
    <subfield code="a">Principal</subfield>
    <subfield code="d">2025-04-01</subfield>
    <subfield code="l">0</subfield>
    <subfield code="o">341 H37d</subfield>
    <subfield code="p">250374</subfield>
    <subfield code="r">2025-04-30 10:50:19</subfield>
    <subfield code="t">Ej. 1</subfield>
    <subfield code="w">2025-04-30</subfield>
    <subfield code="y">BK</subfield>
  </datafield>
  <datafield tag="952" ind1=" " ind2=" ">
    <subfield code="0">0</subfield>
    <subfield code="1">0</subfield>
    <subfield code="2">ddc</subfield>
    <subfield code="7">0</subfield>
    <subfield code="8">GEN</subfield>
    <subfield code="a">Principal</subfield>
    <subfield code="d">2025-04-01</subfield>
    <subfield code="l">0</subfield>
    <subfield code="o">341 H37d</subfield>
    <subfield code="p">250375</subfield>
    <subfield code="r">2025-04-30 10:50:19</subfield>
    <subfield code="t">Ej. 2</subfield>
    <subfield code="w">2025-04-30</subfield>
    <subfield code="y">BK</subfield>
  </datafield>
</record>
